Hliník nad Hronom
Uložené v:
| Hlavný autor: | |
|---|---|
| Médium: | Kniha |
| Jazyk: | Slovak |
| Vydavateľské údaje: |
Hliník n/Hr. :
OÚ,
1994
|
| Predmet: | |
| Tagy: |
Žiadne tagy, Buďte prvý, kto otaguje tento záznam!
|
MARC
| LEADER | 00000nam a22000003a 4500 | ||
|---|---|---|---|
| 001 | stu11695 | ||
| 005 | 20150617225700.9 | ||
| 008 | 951103s1994----xo------------------slo-d | ||
| 040 | |a STU |b slo | ||
| 041 | 0 | |a slo | |
| 044 | |a xo | ||
| 100 | 1 | |a Kliman, Andrej |4 aut | |
| 245 | 1 | |a Hliník nad Hronom | |
| 260 | |a Hliník n/Hr. : |b OÚ, |c 1994 | ||
| 300 | |a 329 s | ||
| 650 | 7 | |a ostatné mestá |2 stusub | |
| 650 | 7 | |a Hliník nad Hronom |2 stusub | |
| 996 | |b 284AU02511 |c A*2730 U |l AAKNAR |s A |a 24 |w stu11695_0001 | ||